Haut, Fleisch und Farbe : Körperlichkeit und Materialität in den Gemälden Tizians

Saved in:
Bibliographic Details
Main Author: Bohde, Daniela (Author)
Other Authors: Vecellio, Tiziano (Illustrator)
Document Type: Thesis Book
Language:German
Published: Emsdetten [u.a.] : Ed. Imorde , 2002
Series:Zephir 3
Subjects:
Online Access:Inhaltsverzeichnis
Rezension
Rezension
Rezension
Inhaltsverzeichnis
Related Items:Erscheint auch als: Haut, Fleisch und Farbe
Rezensiert in: [Rezension von: Daniela Bohde, Haut, Fleisch und Farbe]
Author Notes:Daniela Bohde
LEADER 06217cam a2201093 c 4500
001 348870086
003 DE-627
005 20260206202210.0
007 tu
008 020606s2002 gw ||||| m 00| ||ger c
015 |a 02,N25,0585  |2 dnb 
015 |a 02,A51,1424  |2 dnb 
016 7 |a 964505444  |2 DE-101 
020 |a 3980564495  |q brosch. : EUR 39.00  |9 3-9805644-9-5 
035 |a (DE-627)348870086 
035 |a (DE-603)105004243 
035 |a (DE-576)10036876X 
035 |a (DE-599)GBV348870086 
035 |a (OCoLC)845510751 
035 |a (OCoLC)1078735298 
035 |a (OCoLC)50428890 
040 |a DE-627  |b ger  |c DE-627  |e rakwb 
041 |a ger 
044 |c XA-DE  |c XA-IT 
050 0 |a ND623.T626 
082 0 |a 759.5 
084 |a 46  |2 sdnb 
084 |a 46  |a 10  |2 sdnb 
084 |a 9,10  |2 ssgn 
084 |a LI 89553  |2 rvk  |0 (DE-625)rvk/97277:13281 
084 |a LI 89550  |q BVB  |2 rvk  |0 (DE-625)rvk/97277:13278 
084 |a LI 89556  |2 rvk  |0 (DE-625)rvk/97277:13284 
084 |a 20.31  |2 bkl 
100 1 |a Bohde, Daniela  |d 1964-  |0 (DE-588)123818133  |0 (DE-627)532148975  |0 (DE-576)185443885  |4 aut 
245 1 0 |a Haut, Fleisch und Farbe  |b Körperlichkeit und Materialität in den Gemälden Tizians  |c Daniela Bohde 
263 |a Brosch. : EUR 39.00 
264 1 |a Emsdetten [u.a.]  |b Ed. Imorde  |c 2002 
300 |a 547 S.  |b Ill.  |c 23 cm 
336 |a Text  |b txt  |2 rdacontent 
337 |a ohne Hilfsmittel zu benutzen  |b n  |2 rdamedia 
338 |a Band  |b nc  |2 rdacarrier 
490 1 |a Zephir  |v 3 
500 |a Literaturverz. S. 457 - 483 
502 |a Zugl.: Hamburg, Univ., Diss., 1998 
583 1 |a Archivierung/Langzeitarchivierung gewährleistet  |f SSG  |x XA-DE-BW  |2 pdager  |5 DE-16 
600 1 0 |a Titian  |x Criticism and interpretation 
600 1 0 |a Titian  |x Themes, motives 
600 1 7 |0 (DE-588)118622994  |0 (DE-627)133455408  |0 (DE-576)163323321  |a Vecellio, Tiziano  |d 1490-1576  |2 gnd 
650 0 |a Human figure in art 
650 0 7 |0 (DE-588)4037220-0  |0 (DE-627)10623871X  |0 (DE-576)209022892  |a Malerei  |2 gnd 
650 0 7 |0 (DE-588)4374361-4  |0 (DE-627)184287561  |0 (DE-576)211767603  |a Leiblichkeit  |g Motiv  |2 gnd 
650 0 7 |0 (DE-588)4512697-5  |0 (DE-627)248393774  |0 (DE-576)213207214  |a Materialität  |2 gnd 
650 0 7 |0 (DE-588)4550816-1  |0 (DE-627)271541849  |0 (DE-576)21360695X  |a Haut  |g Motiv  |2 gnd 
650 0 7 |0 (DE-588)4480871-9  |0 (DE-627)238165043  |0 (DE-576)212876732  |a Fleisch  |g Motiv  |2 gnd 
650 0 7 |0 (DE-588)4164424-4  |0 (DE-627)105447579  |0 (DE-576)20988844X  |a Körper  |g Motiv  |2 gnd 
655 7 |a Hochschulschrift  |0 (DE-588)4113937-9  |0 (DE-627)105825778  |0 (DE-576)209480580  |2 gnd-content 
689 0 0 |d p  |0 (DE-588)118622994  |0 (DE-627)133455408  |0 (DE-576)163323321  |a Vecellio, Tiziano  |d 1490-1576  |2 gnd 
689 0 1 |d s  |0 (DE-588)4037220-0  |0 (DE-627)10623871X  |0 (DE-576)209022892  |a Malerei  |2 gnd 
689 0 2 |d s  |0 (DE-588)4374361-4  |0 (DE-627)184287561  |0 (DE-576)211767603  |a Leiblichkeit  |g Motiv  |2 gnd 
689 0 3 |d s  |0 (DE-588)4512697-5  |0 (DE-627)248393774  |0 (DE-576)213207214  |a Materialität  |2 gnd 
689 0 |5 DE-101 
689 1 0 |d p  |0 (DE-588)118622994  |0 (DE-627)133455408  |0 (DE-576)163323321  |a Vecellio, Tiziano  |d 1490-1576  |2 gnd 
689 1 1 |d s  |0 (DE-588)4037220-0  |0 (DE-627)10623871X  |0 (DE-576)209022892  |a Malerei  |2 gnd 
689 1 2 |d s  |0 (DE-588)4374361-4  |0 (DE-627)184287561  |0 (DE-576)211767603  |a Leiblichkeit  |g Motiv  |2 gnd 
689 1 3 |d s  |0 (DE-588)4512697-5  |0 (DE-627)248393774  |0 (DE-576)213207214  |a Materialität  |2 gnd 
689 1 |5 (DE-627) 
700 1 |a Vecellio, Tiziano  |d 1490-1576  |e Ill.  |0 (DE-588)118622994  |0 (DE-627)133455408  |0 (DE-576)163323321  |4 ill 
751 |a Hamburg  |0 (DE-588)4023118-5  |0 (DE-627)106305433  |0 (DE-576)20894754X  |4 uvp 
776 0 8 |i Erscheint auch als  |n Online-Ausgabe  |a Bohde, Daniela, 1964 -   |t Haut, Fleisch und Farbe  |d Emsdetten : Ed. Imorde, 2002  |h 547 S.  |w (DE-627)1479870269  |w (DE-576)409870269 
787 0 8 |i Rezensiert in  |a Pozsgai, Mathias  |t [Rezension von: Daniela Bohde, Haut, Fleisch und Farbe]  |d 2002  |w (DE-627)192083351X 
830 0 |a Zephir  |v 3  |9 3  |w (DE-627)501766243  |w (DE-576)095849661  |w (DE-600)2207919-1  |7 am 
856 4 2 |u http://www.gbv.de/dms/weimar/toc/348870086_toc.pdf  |m V:DE-601  |m B:DE-Wim2  |q pdf/application  |x Verlag  |y Inhaltsverzeichnis  |3 Inhaltsverzeichnis  |7 1 
856 4 2 |u https://swbplus.bsz-bw.de/bsz10036876xrez.htm  |m V:DE-576  |v 2005-08-10  |3 Rezension  |7 1 
856 4 2 |u http://www.sehepunkte.de/2002/10/3449.html  |m V:DE-576;X:Sehepunkte  |q text/html  |v 20180423160618  |3 Rezension  |7 1 
856 4 2 |u http://scans.hebis.de/HEBCGI/show.pl?10500424_rez.pdf  |m V:DE-576  |q application/pdf  |3 Rezension  |7 1 
856 4 2 |u http://scans.hebis.de/HEBCGI/show.pl?10500424_toc.pdf  |m V:DE-605;X:Imageware  |q application/pdf  |3 Inhaltsverzeichnis  |7 1 
935 |i Blocktest 
936 r v |a LI 89553  |b Abbildungswerke und Monographien zu einem Thema (sofern hierzu Werke des Künstlers aus zwei oder mehr Kunstgattungen - z.B. Plastik und Malerei - vorliegen)  |k Kunstgeschichte  |k Künstler-Monografien  |k Alphabetische Künstlerliste  |k Künstler T  |k Tiziano Vecellio (bis 89560)  |k Abbildungswerke und Monographien zu einem Thema (sofern hierzu Werke des Künstlers aus zwei oder mehr Kunstgattungen - z.B. Plastik und Malerei - vorliegen)  |0 (DE-627)1271874180  |0 (DE-625)rvk/97277:13281  |0 (DE-576)201874180 
936 r v |a LI 89550  |b Werkverzeichnisse, Ausstellungskataloge. Personalbibliografien  |k Kunstgeschichte  |k Künstler-Monografien  |k Alphabetische Künstlerliste  |k Künstler T  |k Tiziano Vecellio (bis 89560)  |k Werkverzeichnisse, Ausstellungskataloge. Personalbibliografien  |0 (DE-627)1270704893  |0 (DE-625)rvk/97277:13278  |0 (DE-576)200704893 
936 r v |a LI 89556  |b der Künstler als Maler  |k Kunstgeschichte  |k Künstler-Monografien  |k Alphabetische Künstlerliste  |k Künstler T  |k Tiziano Vecellio (bis 89560)  |k der Künstler als Maler  |0 (DE-627)1271712946  |0 (DE-625)rvk/97277:13284  |0 (DE-576)201712946 
936 b k |a 20.31  |j Bildende Künstler  |0 (DE-627)181571080 
936 s n |a l300  |2 mzub 
936 s n |a c100  |2 mzub 
951 |a BO 
990 |a Vecellio, Tiziano 
990 |a Malerei 
990 |a Leiblichkeit 
990 |a Materialität 
990 |a Vecellio, Tiziano 
990 |a Malerei 
990 |a Leiblichkeit 
990 |a Materialität 
991 |a Rezensiertes Werk 
999 |a KXP-PPN348870086  |e 4949257943